• 首页
  • 本馆介绍
  • 公告通知
  • 最新文献
  • 馆藏检索
  • 电子资源
  • 读者导购
  • 参考咨询
  • 我的图书馆
  • 登录
  • 详细信息显示
  • 放入我的书架
  • 预约/预借图书
  • 作者相关作品
  • 分类相关作品
  • 丛书相关作品
  • 出版社相关作品

书目信息

  • 表格格式
  • 工作单格式
  • 卡片格式
题名:
党的群众路线教育实践活动学习文件选编
    
 
作者: ;中央党的群众路线教育时间活动领导小组办公室
分册:  
出版信息: 北京   党建读物出版社  2013.06
页数: 111
开本: 24
丛书名:
单 册:
中图分类: D252
科图分类:
主题词: 中国共产党
电子资源:
ISBN:
000 00801nam0 2200169 450
001 2435043875
005 20241014161943.26
100    @a20241011d km y0chiy0120 ea
101 0  @achi
200 1  @a党的群众路线教育实践活动学习文件选编@ADang De Qun Zhong Lu Xian Jiao Yu Shi Jian Huo Dong Xue Xi Wen Jian Xuan Bian@f中央党的群众路线教育时间活动领导小组办公室@FZhong Yang Dang De Qun Zhong Lu Xian Jiao Yu Shi Jian Huo Dong Ling Dao Xiao Zu Ban Gong Shi
210    @a北京@c党建读物出版社@d2013.06
215    @a111@d24
606 0  @a中国共产党
690    @aD252@v4
711 02 @a中央党的群众路线教育时间活动领导小组办公室@AZhong Yang Dang De Qun Zhong Lu Xian Jiao Yu Shi Jian Huo Dong Ling Dao Xiao Zu Ban Gong Shi
801  0 @aCN@b大连网信软件有限公司图书馆·11@c20241014
905    @aZUCC@b1422730@dD252@e274@f1
    
    党的群众路线教育实践活动学习文件选编/中央党的群众路线教育时间活动领导小组办公室.-北京:党建读物出版社,2013.06
    111;24
    
    
    ISBN :
    
●
相关链接 在E读中查询图书 在五车中查询图书 在当当中查询图书 在豆瓣中查询图书


正题名:党的群众路线教育实践活动学习文件选编     索取号:D252/274         预约/预借

序号 登录号 条形码 馆藏地/架位号 状态 备注
1 1422730   214227308   密集书库-海洋学院/ [索取号:D252/274] 在馆    
唐山师范学院图书馆 欢迎您!
大连网信软件有限公司© 版权所有